[Event "40th Guernsey Open 2014"]
[Site "Vale GCI"]
[Date "2014.10.25"]
[Round "7.21"]
[White "Riedener, Toni"]
[Black "De Kruif, Kees"]
[Result "1-0"]
[WhiteElo "2039"]
[BlackElo "1927"]
[WhiteFideId "1302698"]
[BlackFideId "1006479"]
[EventDate "2014.10.19"]
[EventType "swiss"]

1. d4 Nf6 2. c4 e5 3. dxe5 Ne4 4. a3 d6 5. Nf3 Nc6 6. Qc2 Bf5 7. Nc3 Ng3 8. e4
Nxh1 9. exf5 dxe5 10. Be3 Qd7 11. Rd1 Qc8 12. g3 Be7 13. Nd5 f6 14. Bg2 Nxf2 15.
Kxf2 O-O 16. Qe4 Re8 17. Qg4 Kf7 18. Qh5+ Kg8 19. Nh4 Nd4 20. Nxe7+ Rxe7 21.
Bd5+ Kf8 22. Ng6+ Ke8 23. Nxe7+ Kxe7 24. Bxd4 exd4 25. Qf7+ Kd6 26. Be6 1-0

[Event "40th Guernsey Open 2014"]
[Site "Vale GCI"]
[Date "2014.10.25"]
[Round "7.22"]
[White "von Saldern, Ruediger"]
[Black "Twitchell, David J"]
[Result "1-0"]
[WhiteElo "1966"]
[BlackElo "2009"]
[WhiteFideId "4635175"]
[BlackFideId "414255"]
[EventDate "2014.10.19"]
[EventType "swiss"]

1. d4 Nf6 2. Nf3 d5 3. c4 e6 4. Nc3 c5 5. e3 Nc6 6. Be2 Be7 7. O-O O-O 8. b3
cxd4 9. Nxd4 e5 10. Nxc6 bxc6 11. Bb2 d4 12. Na4 c5 13. f4 exf4 14. exd4 Qc7 15.
Bf3 Rb8 16. d5 Bf5 17. Qd2 Nd7 18. Rae1 Bd6 19. Nc3 a6 20. Ne4 Rbe8 21. Nxd6
Qxd6 22. Rxe8 Rxe8 23. Re1 Ne5 24. Be4 Bxe4 25. Rxe4 f6 26. Qxf4 Re7 27. Bxe5
fxe5 28. Qf5 g6 29. Qf3 Kg7 30. h4 h6 31. Qd3 Re8 32. Qg3 Re7 33. Qe3 Re8 34. g3
Re7 1-0

[Event "40th Guernsey Open 2014"]
[Site "Vale GCI"]
[Date "2014.10.25"]
[Round "7.23"]
[White "Hamperl, Fred"]
[Black "Phillips, Owen S"]
[Result "1/2-1/2"]
[WhiteTitle "FM"]
[WhiteElo "2114"]
[BlackElo "1915"]
[WhiteFideId "10700110"]
[BlackFideId "417882"]
[EventDate "2014.10.19"]
[EventType "swiss"]

1. e4 g6 2. d4 Bg7 3. Be3 d6 4. Bc4 b6 5. Nd2 Bb7 6. Nh3 h6 7. O-O Nd7 8. c3
Ngf6 9. f3 a6 10. Qe1 e5 11. Rd1 Qe7 12. d5 g5 13. Kh1 Nf8 14. Be2 Ng6 15. a4
Bc8 16. Nf2 Nh7 17. b4 Nf4 18. g3 Nxe2 19. Qxe2 Bd7 20. Ra1 O-O 21. Rfc1 a5 22.
Qd1 f5 23. exf5 Bxf5 24. Nfe4 Qf7 25. bxa5 Rxa5 26. c4 Bxe4 27. fxe4 Rfa8 28.
Nb1 Nf6 29. Nc3 Qg6 30. Qd3 Ng4 31. Rf1 Nxe3 32. Qxe3 Rc5 33. Qe2 Rf8 34. Rxf8+
Bxf8 35. g4 Be7 36. Rf1 Ra5 37. Nb5 Bd8 38. Qf3 Qe8 39. Ra1 Qf7 40. Qf5 Qxf5 41.
gxf5 Kg7 42. Kg2 Kf6 43. Kf3 h5 44. h3 Ke7 45. Ke3 Kf6 46. Kd3 Ke7 47. Kc3 Kf6
48. Kb4 Ra8 49. Rg1 Ra5 50. Nc3 Be7 51. Nb5 Bd8 52. Nc3 Be7 53. Ne2 Ra8 54. Kb5
Ra5+ 55. Kb4 Ra8 56. Ng3 Rh8 57. Kb5 g4 58. h4 Kf7 59. Rh1 Ke8 60. Kc6 Rh7 61.
Nf1 Bd8 62. Ng3 Be7 63. Rh2 Bd8 64. Ne2 Rg7 65. Ng3 Rh7 66. Rh1 1/2-1/2

[Event "40th Guernsey Open 2014"]
[Site "Vale GCI"]
[Date "2014.10.25"]
[Round "7.24"]
[White "Hawkins, James N H"]
[Black "Brown, Rowan M"]
[Result "1-0"]
[WhiteElo "1923"]
[BlackElo "2195"]
[WhiteFideId "409928"]
[BlackFideId "404756"]
[EventDate "2014.10.19"]
[EventType "swiss"]

1. e4 d6 2. d4 Nf6 3. Nc3 g6 4. f3 Bg7 5. Be3 O-O 6. Qd2 e5 7. dxe5 dxe5 8.
O-O-O Qe7 9. h4 Be6 10. Bh6 Nc6 11. Bxg7 Kxg7 12. h5 Nxh5 13. Nd5 Bxd5 14. exd5
Nd4 15. c3 Nf5 16. Ne2 e4 17. g4 e3 18. Qe1 Nfg3 19. Nxg3 Nxg3 20. Qxg3 e2 21.
Bxe2 Qxe2 22. Rde1 Qa6 23. Qe5+ f6 24. Qe7+ 1-0

[Event "40th Guernsey Open 2014"]
[Site "Vale GCI"]
[Date "2014.10.25"]
[Round "7.25"]
[White "Goris, Ton"]
[Black "Hickman, John E"]
[Result "0-1"]
[WhiteElo "2039"]
[BlackElo "1893"]
[WhiteFideId "1003526"]
[BlackFideId "408565"]
[EventDate "2014.10.19"]
[EventType "swiss"]

1. e4 d6 2. d4 Nf6 3. Nc3 c6 4. f4 Qa5 5. Bd3 e5 6. Nf3 Nbd7 7. Be3 Be7 8. O-O
O-O 9. Kh1 Ng4 10. Bd2 Qc7 11. h3 Ngf6 12. g4 exd4 13. Nxd4 Nc5 14. g5 Nfd7 15.
Be2 b5 16. b4 Ne6 17. Nf5 Nb6 18. Bd3 Bb7 19. Qe2 a6 20. Kg1 Rae8 21. h4 c5 22.
bxc5 dxc5 23. Qf2 c4 24. Nxe7+ Rxe7 25. Be2 Nc5 26. Be3 Nbd7 27. Nd5 Bxd5 28.
Bxc5 Qxc5 29. exd5 Rxe2 0-1

[Event "40th Guernsey Open 2014"]
[Site "Vale GCI"]
[Date "2014.10.25"]
[Round "7.26"]
[White "Kraft, Karl-Heinz"]
[Black "Dennis, Nigel W"]
[Result "1-0"]
[WhiteElo "2004"]
[BlackElo "1826"]
[WhiteFideId "12924121"]
[BlackFideId "408913"]
[EventDate "2014.10.19"]
[EventType "swiss"]

1. e4 c5 2. c3 d5 3. exd5 Qxd5 4. d4 Nf6 5. Be3 e6 6. Nf3 Ng4 7. Bd3 Nxe3 8.
fxe3 Nc6 9. O-O cxd4 10. exd4 g6 11. Qe2 Bg7 12. Bc4 Qd6 13. Nbd2 O-O 14. Ne4
Qc7 15. Bb3 a5 16. Qf2 b5 17. Qh4 a4 18. Bc2 f5 19. Nc5 Bf6 20. Qf2 Re8 21. Rad1
Na5 22. Rfe1 Nb7 23. Nd3 Bd7 24. Nfe5 Bc6 25. Nxc6 Qxc6 26. Ne5 Qc7 27. Qf4 Rac8
28. Bd3 Nd6 29. Qf1 Bxe5 30. Rxe5 a3 31. Rc5 Qa7 32. b4 e5 33. Bxb5 Nxb5 34.
Qxb5 Rb8 35. Qc4+ Qf7 36. Qxf7+ Kxf7 37. Rc7+ Re7 38. Rxe7+ Kxe7 39. dxe5 Ke6
40. Rd6+ Kxe5 41. Ra6 Ke4 42. Rxa3 Kd3 43. Ra7 Kxc3 44. a3 Kb3 45. Kf2 Rc8 46.
b5 Rc2+ 47. Kf3 Rc3+ 48. Kf4 Rc4+ 49. Ke3 Re4+ 50. Kd3 Re6 51. Kd4 f4 52. a4 Kb4
53. Kd5 Rb6 54. h4 Rf6 55. Ke5 f3 56. gxf3 Rxf3 57. b6 Kc5 58. a5 Re3+ 59. Kf6
Rb3 60. Rxh7 Kc6 61. Kxg6 1-0

[Event "40th Guernsey Open 2014"]
[Site "Vale GCI"]
[Date "2014.10.25"]
[Round "7.27"]
[White "Bakker, Joop"]
[Black "Da Ces, Philippe"]
[Result "1/2-1/2"]
[WhiteElo "1951"]
[BlackElo "1969"]
[WhiteFideId "1012100"]
[BlackFideId "202665"]
[EventDate "2014.10.19"]
[EventType "swiss"]

1. d4 d5 2. Nf3 Nf6 3. e3 Bf5 4. Bd3 Bxd3 5. Qxd3 c6 6. O-O e6 7. b3 Nbd7 8. c4
Bd6 9. Ba3 Bxa3 10. Nxa3 Qe7 11. Nc2 O-O 12. c5 e5 13. Nxe5 Nxe5 14. dxe5 Qxe5
15. Qd4 1/2-1/2

[Event "40th Guernsey Open 2014"]
[Site "Vale GCI"]
[Date "2014.10.25"]
[Round "7.28"]
[White "Fulton, A.J."]
[Black "Gravett, Alan D"]
[Result "1/2-1/2"]
[WhiteElo "2026"]
[BlackElo "1871"]
[WhiteFideId "15600025"]
[BlackFideId "406171"]
[EventDate "2014.10.19"]
[EventType "swiss"]

1. e4 c5 2. Nf3 d6 3. d4 cxd4 4. Nxd4 Nf6 5. Nc3 a6 6. Bg5 e6 7. Qd2 Be7 8.
O-O-O Bd7 9. Bc4 Nc6 10. Rhe1 b5 11. Bb3 b4 12. Nb1 Nxe4 13. Bxe7 Nxd2 14. Bxd8
Nxb3+ 15. Nxb3 Rxd8 16. Rxd6 Ke7 17. Red1 Nb8 18. Nc5 Bb5 19. Nb7 Rxd6 20. Nxd6
Bc6 21. f3 Rd8 22. Ne4 1/2-1/2

[Event "40th Guernsey Open 2014"]
[Site "Vale GCI"]
[Date "2014.10.25"]
[Round "7.29"]
[White "Morcom, Huw"]
[Black "Reutimann, Hans Peter"]
[Result "1-0"]
[WhiteElo "1956"]
[BlackElo "1817"]
[WhiteFideId "1800469"]
[BlackFideId "1313886"]
[EventDate "2014.10.19"]
[EventType "swiss"]

1. e4 e6 2. d4 d5 3. e5 c5 4. c3 Nc6 5. a3 Bd7 6. Nf3 Nge7 7. Be2 Qb6 8. O-O Nf5
9. g4 Nfe7 10. dxc5 Qc7 11. b4 Nxe5 12. Nxe5 Qxe5 13. f4 Qc7 14. c4 dxc4 15.
Bxc4 Ng6 16. Be3 Be7 17. Nd2 O-O 18. Qb3 Rad8 19. Rae1 Bc6 20. f5 exf5 21. gxf5
Ne5 22. Bf4 Bf6 23. Ne4 Rd4 24. Nxf6+ gxf6 25. Bxe5 fxe5 26. Be2 Kh8 27. Bf3
Rg8+ 28. Kh1 Bxf3+ 29. Qxf3 f6 30. Rg1 Rxg1+ 31. Rxg1 Rf4 32. Qd5 Qc8 33. b5
Rxf5 34. Qf7 1-0

[Event "40th Guernsey Open 2014"]
[Site "Vale GCI"]
[Date "2014.10.25"]
[Round "7.30"]
[White "Sikkel, Dirk"]
[Black "Karcher, Berthold"]
[Result "1-0"]
[WhiteElo "2007"]
[BlackElo "1861"]
[WhiteFideId "1050079"]
[BlackFideId "24669687"]
[EventDate "2014.10.19"]
[EventType "swiss"]

1. e4 g6 2. d4 d6 3. Nc3 Bg7 4. f4 e6 5. Nf3 b6 6. Bd3 Nf6 7. e5 dxe5 8. fxe5
Nd5 9. Ne4 Bb7 10. Bg5 Qd7 11. Qd2 O-O 12. Bh6 f5 13. exf6 Nxf6 14. Bxg7 Nxe4
15. Bxe4 Bxe4 16. Bxf8 Bxf3 17. Bh6 Bb7 18. O-O Nc6 19. c3 Ne7 20. Rf2 Nf5 21.
Re1 Bd5 22. b3 b5 23. g4 Nxh6 24. Qxh6 e5 25. Qg5 e4 26. Qf4 c6 27. h3 Re8 28.
Qe3 Kg7 29. Rc1 Qe6 30. g5 Rf8 31. Rxf8 Kxf8 32. Rf1+ Kg7 33. Qf4 Qe7 34. Qf6+
Qxf6 35. Rxf6 a5 36. Kf2 a4 37. bxa4 bxa4 38. a3 Kg8 39. Ke3 Kg7 40. h4 Kg8 41.
c4 Bxc4 42. Kxe4 Bd5+ 43. Ke5 Kg7 44. Kd6 h6 45. Kc5 hxg5 46. hxg5 Be4 47. Kb4
Bc2 48. Rxc6 Bb3 49. Rf6 Kh7 50. Kc5 1-0

[Event "40th Guernsey Open 2014"]
[Site "Vale GCI"]
[Date "2014.10.25"]
[Round "7.31"]
[White "Murray, J Stephen"]
[Black "Goetzee, Rick"]
[Result "1/2-1/2"]
[WhiteElo "1847"]
[BlackElo "1898"]
[WhiteFideId "2401495"]
[BlackFideId "2501813"]
[EventDate "2014.10.19"]
[EventType "swiss"]

1. e4 c5 2. Nf3 e6 3. Nc3 a6 4. g3 Nc6 5. Bg2 d6 6. O-O Nf6 7. d3 Be7 8. Bg5 O-O
9. Qd2 e5 10. Bxf6 Bxf6 11. Nd5 Be6 12. Nxf6+ Qxf6 13. c3 h6 14. Ne1 Qe7 15. Nc2
Qd7 16. d4 Ne7 17. dxc5 dxc5 18. Qxd7 Bxd7 19. Rad1 Bb5 20. Rfe1 Rfd8 21. Ne3
Kf8 22. Nd5 Bc6 23. c4 Rd6 24. Nxe7 Kxe7 25. Rxd6 Kxd6 26. Rd1+ Ke7 27. f3 b5
28. Bf1 b4 29. Kf2 a5 30. Ke3 a4 31. Rd3 Rd8 32. Rxd8 Kxd8 33. f4 f6 34. a3 Kc7
35. fxe5 fxe5 36. h4 Kd6 37. Bh3 Be8 38. Bg4 Bf7 39. Kd3 Be8 40. Ke3 Bc6 41. Kd3
Be8 1/2-1/2

[Event "40th Guernsey Open 2014"]
[Site "Vale GCI"]
[Date "2014.10.25"]
[Round "7.33"]
[White "Van Veen, Wout"]
[Black "Goris-Schouwstra, Adry"]
[Result "0-1"]
[WhiteElo "1835"]
[BlackElo "1885"]
[WhiteFideId "1022750"]
[BlackFideId "1012746"]
[EventDate "2014.10.19"]
[EventType "swiss"]

1. e4 e6 2. d4 d5 3. e5 c5 4. c3 Nc6 5. Nf3 Qb6 6. a3 c4 7. Nbd2 Na5 8. Be2 Bd7
9. O-O h6 10. Rb1 Ne7 11. b4 cxb3 12. c4 dxc4 13. Bxc4 Nd5 14. Bxd5 exd5 15. Re1
Bf5 16. e6 fxe6 17. Ne5 O-O-O 18. Nf7 Bxb1 19. Nxb1 Bd6 20. Nxh8 b2 21. Nf7
bxc1=Q 22. Qxc1+ Nc4 23. Nxd8 Kxd8 24. Qc3 Kd7 25. a4 Bb4 0-1

[Event "40th Guernsey Open 2014"]
[Site "Vale GCI"]
[Date "2014.10.25"]
[Round "7.34"]
[White "De Boer, Albert"]
[Black "Cummins, J"]
[Result "1-0"]
[WhiteElo "2017"]
[BlackElo "1819"]
[WhiteFideId "1007530"]
[BlackFideId "10700196"]
[EventDate "2014.10.19"]
[EventType "swiss"]

1. b3 Nf6 2. Bb2 d5 3. e3 Nbd7 4. f4 e6 5. Nf3 Be7 6. Be2 a6 7. O-O c5 8. a4 b6
9. d3 Bb7 10. Qd2 O-O 11. Na3 Ne8 12. Rad1 Bf6 13. d4 Nd6 14. c4 Ne4 15. Qc2
cxd4 16. exd4 Rc8 17. Bd3 g6 18. Rfe1 Nd6 19. Qe2 Ra8 20. Ne5 Re8 21. Bc3 Be7
22. Nb1 Qc7 23. Nd2 Nf6 24. Qe3 Bf8 25. Rc1 Nh5 26. g4 Nf6 27. Bb2 Qe7 28. h3
dxc4 29. bxc4 Rac8 30. c5 bxc5 31. dxc5 Nd5 32. Qg3 Nc4 33. Ndxc4 Qxc5+ 34. Kh2
Qb4 35. a5 f6 36. Ba3 Qb3 37. Rb1 Qa2+ 38. Rb2 Qxb2+ 39. Bxb2 fxe5 40. Bxe5 Red8
41. Rd1 Nb4 42. Nb6 Rc5 43. Bc4 Nd5 44. Qb3 Kf7 45. Na4 Rxc4 46. Qxc4 Rc8 47.
Qb3 Bb4 48. Rxd5 Bxd5 49. Qxb4 Rc2+ 50. Kg1 Rc1+ 51. Kf2 Rc4 52. Qd6 1-0

[Event "40th Guernsey Open 2014"]
[Site "Vale GCI"]
[Date "2014.10.25"]
[Round "7.36"]
[White "Downey, Keith"]
[Black "Shaw, Meyrick"]
[Result "0-1"]
[WhiteElo "1968"]
[BlackElo "1964"]
[WhiteFideId "10700250"]
[BlackFideId "430803"]
[EventDate "2014.10.19"]
[EventType "swiss"]

1. d4 Nf6 2. Nf3 e6 3. c4 b6 4. a3 Bb7 5. Nc3 Be7 6. g3 Ne4 7. Nxe4 Bxe4 8. Bg2
d5 9. O-O O-O 10. Qa4 Nd7 11. cxd5 Bxd5 12. Rd1 c5 13. Be3 Qc8 14. Ne1 c4 15.
Rac1 Qb7 16. Qc2 Rac8 17. Bf4 Nf6 18. f3 b5 19. e4 Bc6 20. Kh1 a5 21. Qf2 Qa6
22. Qe2 Rfe8 23. Be3 Bb7 24. Bf2 c3 25. Rxc3 Rxc3 26. bxc3 Bxa3 27. Qa2 Bf8 28.
Bf1 Qc6 29. Qb2 Ba6 30. Ng2 Rc8 31. Rc1 a4 32. Ne3 a3 33. Qa2 b4 34. c4 Qa4 35.
e5 b3 0-1